Cars to Places - Statistics

General Stats
  • This quiz has been taken 16 times
  • The average score is 15 of 25
Answer Stats
Clue Automaker City % Correct
8) Christ the Redeemer and CopacabanaBeach are in this Brazilian city Kia Rio
93%
2) High elevation capital of New Mexico Hyundai Santa Fe
93%
4) The Centennial State Chevy Colorado
86%
1) Large city south of Seattle Toyota Tacoma
86%
6) Famous lake on the California-Nevada border Chevy Tahoe
86%
9) 2nd biggest city in Arizona Hyundai Tucson
79%
15) GMC Sierra has a model named for thehighest peak in North America GMC Denali
71%
23) Famous Colorado ski town/mountain Chrysler Aspen
64%
13) The Fresh Prince went to this famousLA suburb Chevy Bel Air
64%
14) Dodge produced a smaller trucknamed for these 2 midwestern states Dodge Dakota
64%
12) The Charger has a model named forthis Florida racing city Dodge Daytona
64%
10) Popular LA seaside suburb Chevy Malibu
64%
21) Vast, remote region of western/centralQueensland, Australia Subaru Outback
64%
17) Huge trees fill this famous Californianational park Toyota Sequoia
64%
19) Massive coastal national park insouthern Maine GMC Acadia
57%
11) Luxurious Monaco neighborhood wherethe famous casino is located Chevy Monte Carlo
57%
25) GMC SUV named for the remote Canadianterritory on the Alaska border GMC Yukon
57%
18) Central Mexican state or a city in themountains of Colorado Dodge Durango
50%
3) Arizona city famous for itsred rocks and spiritual shops Kia Sedona
50%
7) RAM has a truck option namedafter this historic Wyoming city Dodge Laramie
36%
22) Cadillac named this car after the Frenchport city on the English channel Cadillac Calais
29%
16) Luxurious Colorado ski town, a formermining hub Kia Telluride
29%
5) Central CA city, home to Pacific Ave and West Cliff Drive Hyundai Santa Cruz
21%
20) New Mexico town with ancient Spanishpueblos and ruins Volkswagen Taos
21%
24) Ford named a car model after the famousItalian city with the Shroud of Jesus Ford Torino
21%
No matching quizzes found
Score Distribution
Percent of People with Each Score
Percentile by Number Answered
Your Score History
You have not taken this quiz